<?xml version="1.0" encoding="UTF-8"?>
<record
    xmlns:xsi="http://www.w3.org/2001/XMLSchema-instance"
    xsi:schemaLocation="http://www.loc.gov/MARC21/slim http://www.loc.gov/standards/marcxml/schema/MARC21slim.xsd"
    xmlns="http://www.loc.gov/MARC21/slim">

  <leader>01610    a2200205   4500</leader>
  <controlfield tag="001">47892</controlfield>
  <controlfield tag="005">20260407155744.0</controlfield>
  <controlfield tag="008">260407a1985    arg                 spa d</controlfield>
  <controlfield tag="003">AR-UNSa-BCEJYS</controlfield>
  <datafield tag="040" ind1=" " ind2=" ">
    <subfield code="a">AR-UNSa-BCEJYS</subfield>
    <subfield code="b">spa</subfield>
    <subfield code="c">AR-UNSa-BCEJYS</subfield>
  </datafield>
  <datafield tag="080" ind1=" " ind2=" ">
    <subfield code="a">004.2</subfield>
    <subfield code="x">An&#xE1;lisis y dise&#xF1;os de sistemas</subfield>
  </datafield>
  <datafield tag="245" ind1="1" ind2="0">
    <subfield code="a">Inform&#xE1;tica, presente y futuro</subfield>
  </datafield>
  <datafield tag="020" ind1=" " ind2=" ">
    <subfield code="a">968-451-567-7</subfield>
  </datafield>
  <datafield tag="264" ind1=" " ind2="1">
    <subfield code="a">M&#xE9;xico :</subfield>
    <subfield code="b">McGraw-Hill</subfield>
    <subfield code="c">1985</subfield>
  </datafield>
  <datafield tag="300" ind1=" " ind2=" ">
    <subfield code="a">670 p.</subfield>
    <subfield code="c">24 cm.</subfield>
  </datafield>
  <datafield tag="505" ind1=" " ind2=" ">
    <subfield code="a">1. Qu&#xE9; son las computadoras: Introducci&#xF3;n - 2. Computadoras en el trabajo: panorama general - 3. Beneficios de las computadoras: resumen - 4. Efecto de la computadora en el trabajo: panorama - 5. Conceptos sobre el procesador central: los c&#xF3;digos y los componentes - 6. Captura de datos - 7. Almacenamiento secundario de las computadoras - 8. Salida de computadoras - 9. Micros, minis, macros y supercomputadoras - 10. Comunicaci&#xF3;n de datos y redes de proceso distribuido de datos - 11. Sistemas de proceso de la palabra y de correo/mensajer&#xED;a electr&#xF3;nicos - 12. An&#xE1;lisis de la programaci&#xF3;n - 13. Preparaci&#xF3;n de programas para computadora: panorama - 14. Programaci&#xF3;n en BASIC - 15. Sistemas operativos: conceptos y funciones - 16. Consideraciones de an&#xE1;lisis, dise&#xF1;o e implantaci&#xF3;n de sistemas - 17. Opciones  de archivo y proceso de los sistemas - 18. Sistemas de informaci&#xF3;n gerencial - 19. El efecto de las computadoras en la sociedad - 20. El efecto de las computadoras en las organizaciones - 21. El futuro de las computadoras - </subfield>
  </datafield>
  <datafield tag="942" ind1=" " ind2=" ">
    <subfield code="c">BK</subfield>
  </datafield>
  <datafield tag="590" ind1=" " ind2=" ">
    <subfield code="a">niveau_biblio:m niveau_hierar:0</subfield>
  </datafield>
  <datafield tag="100" ind1="1" ind2=" ">
    <subfield code="a">Sanders, Donald H.</subfield>
  </datafield>
  <datafield tag="999" ind1=" " ind2=" ">
    <subfield code="c">4475</subfield>
    <subfield code="d">4475</subfield>
  </datafield>
  <datafield tag="952" ind1=" " ind2=" ">
    <subfield code="0">0</subfield>
    <subfield code="1">0</subfield>
    <subfield code="4">0</subfield>
    <subfield code="7">0</subfield>
    <subfield code="a">BCEJYS</subfield>
    <subfield code="b">BCEJYS</subfield>
    <subfield code="c">16</subfield>
    <subfield code="d">2026-04-07</subfield>
    <subfield code="l">0</subfield>
    <subfield code="o">004.2 S214</subfield>
    <subfield code="p">L45253</subfield>
    <subfield code="r">2026-04-07 15:57:44</subfield>
    <subfield code="w">2026-04-07</subfield>
    <subfield code="y">L</subfield>
  </datafield>
</record>
